Η σχολή της Φρανκφούρτης και η κριτική θεωρία

Αποθηκεύτηκε σε:
Λεπτομέρειες βιβλιογραφικής εγγραφής
Κύριος συγγραφέας: Vincent, Jean-Marie
Άλλοι συγγραφείς: Παπαγιώργης, Κωστής, 1947-2014 (Μεταφραστής)
Μορφή: Βιβλίο
Γλώσσα:Greek
French
Δημοσίευση: Αθήνα : Επίκουρος, 1977.
Σειρά:Θεωρητικά κείμενα ; 13
Θέματα:
Ετικέτες: Προσθήκη ετικέτας
Δεν υπάρχουν, Καταχωρήστε ετικέτα πρώτοι!

MARC

LEADER 00000cam a2200000 i 4500
001 1/34170
008 950412s1977 gr | ||| |||| ||gre||
035 |l 10024068 
040 |a GR-MyUA  |b gre  |e AACR2 
041 1 |a gre  |h fre 
082 0 |a 301.01 
100 1 |a Vincent, Jean-Marie. 
245 1 2 |a Η σχολή της Φρανκφούρτης και η κριτική θεωρία /   |c Ζαν-Μαρί Βενσάν ; μετάφραση Κωστή Παπαγιώργη.  
260 |a Αθήνα :   |b Επίκουρος,   |c 1977.  
300 |a 159 σ.  
490 1 |a (Θεωρητικά κείμενα   |v ; 13)  
500 |a Τίτλος πρωτοτύπου: La theorie critique de l' ecole de Francfort.  
650 0 0 |a Sociology  |x Philosophy. 
650 0 0 |a Frankfurt school of sociology. 
700 1 |a Παπαγιώργης, Κωστής,   |d 1947-2014,  |e trl 
830 0 |a Θεωρητικά κείμενα ;  |v  13 
852 |a INST  |b CHIOS  |e 19950412  |h 301.01 VIN  |p 005200006514  |q 005200006514  |t BK  |y 0 
852 |a INST  |b LESVOS  |e 19950516  |h 301.01 VIN  |p 005100000775  |q 005100000775  |t BK  |y 0 
852 |a INST  |b LESVOS  |e 19950516  |h 301.01 VIN  |p 005100003807  |q 005100003807  |t BK  |y 0 
852 |a INST  |b LESVOS  |e 19960712  |h 301.01 VIN  |p 005100009616  |q 005100009616  |t BK  |y 0 
852 |a INST  |b RHODES  |e 19990219  |h 301.01 VIN  |p 005400015646  |q 005400015646  |t BK  |y 0 
901 |a BIBL-1999-1 
909 |a Χ  |b 001992 
909 |a Λ  |b 026322 
909 |a Λ  |b 026323 
909 |a Λ  |b 039553 
909 |a Ρ  |b 056481 
922 |a 4ΕΛΗ  |b 199805  |c ΚΠΣ/Ν  |d EMVASIS